000 00900aam a2200313 i 4500
001 vtls000818949
003 PNM
005 20221219124150.0
008 161028s2016 my e 000 f may
015 _aM17-02335
020 _a9789670907420
_qpaperback
_cRM0.00
039 9 _a201705241706
_bazura_a
_c201705171601
_droswati
_c201703290741
_dkhuraisah
040 _aBNM
_beng
_cBNM
_erda
_dPPAK
049 _amal
082 0 4 _a899.2333
_223
090 0 0 _a899.2333
_bFAZ
_dG
100 0 _aFazlyn Ridz,
_d1981-
_eauthor.
245 1 0 _aH.I.M /
_cFAZLYN RIDZ
264 1 _aKuala Lumpur :
_bLOVENOVEL ENTERPRISE,
_c[2016?]
300 _a671 pages :
_c18 cm
336 _atext
_2rdacontent
337 _aunmediated
_2rdamedia
338 _avolume
_2rdacarrier
650 1 0 _aMalaysian fiction (Malay)
650 2 0 _aMalay fiction
942 _2ddc
_cB
949 _62000467104
949 _62000467189
999 _c189468
_d189468